000 01268nam a2200265Ia 4500
003 PE SENCICO BE
005 20260327175013.0
008 200515s9999 xx 000 0 und d
020 _a968-464-024-2
040 _aPE SENCICO BE
_cPE SENCICO BE
041 _aspa
082 _a624.1834
_bI5A
110 1 _aInstituto Mexicano del Cemento y del Concreto
_9192
245 1 0 _aAditivos para concreto /
_cInstituto Mexicano del Cemento y del Concreto
250 _a[1a ed.]
260 _aMéxico, D.F. :
_bInstituto Mexicano del Cemento y del Concreto ;
_c1983
300 _a166 páginas :
_bilustraciones ;
_c22 cm.
505 0 _aPreparación y dosificación -- Aditivos acelerantes -- Aditivos inclusores de aire -- Aditivos reductores de agua y reguladores de fraguado -- Aditivos minerales finalmente divididos -- Diversos aditivos
520 3 _aExamina los propósitos generales y las precauciones en el empleo de aditivos, así como los métodos de almacenamiento y uso. Los aditivos se clasifican en cinco grupos: a) acelerantes b) inclusores de aire c) reductores de agua y reguladores de fraguado
650 1 0 _aAditivos
_9578
650 2 0 _aConcreto
_9309
650 2 0 _aTecnología del concreto
_9477
650 2 _aPUB IMCYC
942 _cLIB
_2ddc
999 _c1631
_d1631